Music Quiz

Random Music or Song Quiz

Kesha Songs Quiz Stats

 Plays Quiz Updated Aug 13, 2017

Also try: Rihanna Songs
Challenge
Share
Tweet
Embed
Score 0/49 Timer 05:00
0 Plays Today
Albums Songs % Correct
AnimalTiK ToK
89.9%
RainbowPraying
84%
RainbowRainbow
83%
AnimalAnimal
78.9%
Cannibal (EP)Cannibal
75.2%
Cannibal (EP)Animal (Billboard Remix)
71.7%
RainbowWoman
71.4%
WarriorDie Young
70.5%
AnimalYour Love Is My Drug
68.9%
WarriorWarrior
68.8%
Cannibal (EP)We R Who We R
67.3%
Cannibal (EP)Blow
65.9%
RainbowBoots
64.6%
RainbowLearn to Let Go
64.5%
RainbowHymn
61.5%
RainbowBastards
59.8%
AnimalTake It Off
58.8%
RainbowSpaceship
57.6%
WarriorC'Mon
56.5%
AnimalBlah Blah Blah (feat. 3OH!3)
56%
RainbowLet 'em Talk
54.3%
RainbowGodzilla
53.6%
AnimalDinosaur
52.7%
RainbowHunt You Down
51.4%
RainbowOld Flames (Can't Hold a Candle to You)
51.4%
Albums Songs % Correct
WarriorCrazy Kids
50%
RainbowBoogie Feet
49.2%
RainbowFinding You
46.6%
AnimalStephen
45.6%
Cannibal (EP)Sleazy
42.5%
AnimalParty At A Rich Dude's House
41.9%
Cannibal (EP)Grow A Pear
41.1%
Cannibal (EP)The Harold Song
40.5%
AnimalKiss N Tell
39.9%
AnimalDancing With Tears In My Eyes
38.6%
AnimalBackstabber
37%
WarriorDirty Love
36.7%
AnimalBoots & Boys
36.6%
WarriorSupernatural
35.3%
Cannibal (EP)Crazy Beautiful Life
34.8%
WarriorThinking of You
34.5%
AnimalHungover
34.3%
AnimalBlind
34.3%
Cannibal (EP)C U Next Tuesday
33.1%
WarriorWonderland
31.1%
WarriorOnly Wanna Dance with You
29%
WarriorLove into the Light
28.2%
WarriorWherever You Are
26.7%
WarriorAll That Matters (The Beautiful Life)
26.6%

You're not logged in!

Compare scores with friends on all Sporcle quizzes.
OR
Log In

You Might Also Like...

Show Comments

Extras

Top Quizzes Today


Score Distribution

Your Account Isn't Verified!

In order to create a playlist on Sporcle, you need to verify the email address you used during registration. Go to your Sporcle Settings to finish the process.

Report this User

Report this user for behavior that violates our Community Guidelines.

Details: